| 000 | 00701nam a2200229 a 4500 | ||
|---|---|---|---|
| 005 | 20240911064801.0 | ||
| 008 | 181213s2017 mx r 000 0 spa d | ||
| 020 | _a9786077364498 | ||
| 035 | _aUPN01000228319 | ||
| 049 | _aCG | ||
| 050 | 4 |
_aDK254 T6 _bG3.8 |
|
| 100 | 1 |
_aGarcía Higueras, Gabriel, _d1966- _942422 |
|
| 245 | 1 | 0 |
_aTrotsky en el espejo de la historia : _bensayos / _cGabriel García Higueras ; pról. Esteban Volkov. |
| 260 |
_aMéxico : _bFontamara, _c2017. |
||
| 300 | _a420 p. | ||
| 440 | 0 |
_aArgumentos ; _v430 |
|
| 600 | 1 | 4 |
_aTROTSKY, LEON, _d1879-1940 _97024 |
| 650 | 4 |
_aREVOLUCIONARIOS - _vBIOGRAFIA _94570 |
|
| 650 | 4 |
_aComunismo _96792 |
|
| 905 | _aLibro | ||
| 999 |
_c200414 _d200414 |
||